Χωροταξία-πολεοδομία
Αποθηκεύτηκε σε:
| Κύριος συγγραφέας: | |
|---|---|
| Μορφή: | Βιβλίο |
| Γλώσσα: | Greek |
| Δημοσίευση: |
Αθήνα :
Σάκκουλας,
1984
|
| Θέματα: | |
| Ετικέτες: |
Προσθήκη ετικέτας
Δεν υπάρχουν, Καταχωρήστε ετικέτα πρώτοι!
|
MARC
| LEADER | 00000nam a2200000 i 4500 | ||
|---|---|---|---|
| 001 | 1/80505 | ||
| 008 | 950227s1984 gre d | ||
| 035 | |l 10005073 | ||
| 040 | |a GR-MY-UA |b gre |e aacr | ||
| 041 | 0 | |a gre | |
| 082 | 0 | |a 711.409495 | |
| 100 | 1 | |a Χριστοφιλόπουλος, Δημήτριος Γ. | |
| 245 | 1 | 0 | |a Χωροταξία-πολεοδομία / |c Δημ. Γ. Χριστοφιλόπουλος |
| 260 | |a Αθήνα : |b Σάκκουλας, |c 1984 | ||
| 300 | |a 272 σ. | ||
| 500 | |a Τεύχος Β'. Θεσμοί | ||
| 504 | |a Includes bibliographical references | ||
| 650 | 0 | 0 | |a City planning |z Greece. |
| 650 | 0 | 0 | |a City planning and redevelopment law |z Greece. |
| 650 | 0 | 0 | |a Urban impact analysis |z Greece. |
| 852 | |a INST |b LESVOS |e 19950227 |h 711.409495 ΧΡΙ |p 005100002736 |q 005100002736 |t BK |y 0 | ||
| 909 | |a Λ |b 006803 | ||